00251pam a2200097 a 4500020000500000041000500005100003200010245007100042260003100113300000900144 c h aHARRYG. CHAMPION.,eAUTHOR. aA Revised Survey of the Forest Type of India hTextual Documents a[s.l]:bNATRAJ PUBLISHERS. a404.